Imperialism ; (Record no. 142752)

MARC details
000 -LEADER
fixed length control field 00545nam a22001817a 4500
005 - DATE AND TIME OF LATEST TRANSACTION
control field 20170721112134.0
010 ## - LCCN (DPL NO)
LC control number ENG-119369
020 ## - INTERNATIONAL STANDARD BOOK NUMBER
International Standard Book Number 9789350020081
Terms of availability 295.00
035 ## - SYSTEM CONTROL NUMBER
System control number EN-102901
037 ## - SOURCE OF ACQUISITION
Source of stock number/acquisition DBAD/PUB
082 ## - DEWEY DECIMAL CLASSIFICATION NUMBER
Classification number 338.91
100 ## - MAIN ENTRY--PERSONAL NAME
Personal name Magdoff, Harry
245 ## - TITLE STATEMENT
Title Imperialism ;
Remainder of title form the colonial age to the present /
Statement of responsibility, etc by Harry Magdoff
260 ## - PUBLICATION, DISTRIBUTION, ETC. (IMPRINT)
Place of publication, distribution, etc Delhi
Name of publisher, distributor, etc Aakar Books
Date of publication, distribution, etc 2010
270 ## - ADDRESS
Address 28 E Pocket IV, Mayur Vihar Phase I
City Delhi
Postal code 110091
300 ## - PHYSICAL DESCRIPTION
Extent 279p.
Dimensions 22cm. (pbk)
942 ## - ADDED ENTRY ELEMENTS (KOHA)
Source of classification or shelving scheme Dewey Decimal Classification
Item type English Books
Classification part 338.91
Call number suffix MAG
Holdings
Withdrawn status Lost status Not for loan Collection code Home library Current library Date acquired Source of acquisition Cost, normal purchase price Full call number Barcode Copy number Cost, replacement price Koha item type
    Not For Loan Non-fiction D.B.Act.Division Bawana 21/07/2017 DBAD/PUB 295.00 338.91 MAG EN-102901 1 295.00 English Books

© Delhi Public Library
Hit Counter
free hit counter